| 000 | 00977nas a2200325 4500 | ||
|---|---|---|---|
| 001 | BR0304369 | ||
| 003 | BR-BrBNA | ||
| 005 | 20231205104025.0 | ||
| 007 | ta | ||
| 008 | 230509b bl.|||p| |||| 00| 00por d | ||
| 040 |
_aBR-BrBNA _bpor _cBiblioteca Nacional de Agricultura |
||
| 041 | _a(En) | ||
| 072 | _aL53 | ||
| 100 | 1 | _aDomingues, S.F.S. | |
| 100 | 1 | _aFerreira, H.S. | |
| 100 | 1 | _aMuniz, J.A.P.C. | |
| 100 | 1 | _aLima, A.K.F. | |
| 100 | 1 | _aOhashi, O.M. | |
| 100 | 1 | _aFigueiredo, J.R. | |
| 100 | 1 | _aSilva, L.D.M. | |
| 245 | 1 | _aMechanical isolation of capuchin monkey (Cebus apella)preantral ovarian follicles | |
| 650 | _aMACACO PREGO | ||
| 650 | _aOVÁRIO | ||
| 650 | _aISOLAMENTO | ||
| 650 | _aVETERINÁRIA | ||
| 650 | _aHISTOLOGIA ANIMAL | ||
| 773 | 0 |
_tArquivo Brasileiro de Medicina Veterinária e Zootecnia (Brazil) _xISSN 0102-0935 _g(Jun 2003), v. 55(3) p. 301-308 _wBR0304369 |
|
| 909 |
_a202311 _bLúcia _c55 _dLúcia Elande |
||
| 942 |
_2AGRIS _n0 _cANA |
||
| 999 |
_c175996 _d175996 |
||